000
00231nam a2200097Ia 4500
008
240331s9999 xx 000 0 und d
082
_b
SUB
100
_a
Subramaniam, N
245
0
_a
Thamil varalattu ilakkiya chinthanaikal
942
_c
L
999
_c
3826
_d
3826